Observaciones al ` Lescique Polyglotte des Maladies Contagienses ` / (Record no. 111397)

MARC details
000 -LEADER
campo de control de longitud fija 00636nam a2200181 4500
001 - NÚMERO DE CONTROL
campo de control 111397
003 - IDENTIFICADOR DE NÚMERO DE CONTROL
campo de control ES-MaACL
005 - FECHA Y HORA DE LA ÚLTIMA TRANSACCIÓN
campo de control 20230906185308.0
007 - CAMPO FIJO DE DESCRIPCIÓN FÍSICA--INFORMACIÓN GENERAL
campo de control de longitud fija t|
008 - DATOS DE LONGITUD FIJA--INFORMACIÓN GENERAL
campo de control de longitud fija 061121s1944 sp r ||||1| spa d
100 1# - ENTRADA PRINCIPAL--NOMBRE DE PERSONA
Nombre de persona Nájera Angulo, Luis.
9 (RLIN) 84870
245 10 - MENCIÓN DEL TÍTULO
Título Observaciones al ` Lescique Polyglotte des Maladies Contagienses ` /
Mención de responsabilidad, etc. Luis Nájera Angulo ; (versión española) del Dr. Biraud.
260 ## - PUBLICACIÓN, DISTRIBUCIÓN, ETC.
Lugar de publicación, distribución, etc. Madrid :
Nombre del editor, distribuidor, etc. J. Cosano,
Fecha de publicación, distribución, etc. [1944?]
300 ## - DESCRIPCIÓN FÍSICA
Extensión 6 h. ;
Dimensiones 24 cm.
500 ## - NOTA GENERAL
Nota general Publi. en Revista de Sanidad e Higienene Publica. Año XVIII. nº 7 , 1944.
700 1# - ENTRADA AGREGADA--NOMBRE PERSONAL
Nombre de persona Biraud, Dr.
9 (RLIN) 28957
852 ## - LOCALIZACIÓN
Ubicación ES-MaACL
Número de control de estantería 1862-F-5
Sublocalización o colección R.21876
Holdings
Estatus retirado Estado de pérdida Estado de daño No para préstamo Colección Biblioteca de origen Biblioteca actual Ubicación en estantería Fecha de adquisición Fuente de adquisición Total de préstamos Signatura topográfica completa Código de barras Visto por última vez Precio de reemplazo Tipo de ítem Koha
        Colección de folletos Biblioteca del Ateneo de Madrid Biblioteca del Ateneo de Madrid Depósito folletos 17/01/2008     1862-F-5 1116217 23/02/2023 23/02/2023 Folleto